000 00536nab a2200193 a 4500
001 99696
003 182734
005 20201118113549.0
008 ||||||n9999 ||| || ||
100 _aVargas Scheneider, Enrique
245 0 _aLa radio comunitaria como medio de comunicación para el Desarrollo Regional
300 _app.3232-37
562 _e0
650 _aDESARROLLO REGIONAL
650 _aMEDIOS DE COMUNICACIÓN
650 _aRADIO COMUNITARIA
773 _099691
_aPaso a Paso - Vol.3 No.3 :
942 _cSART
999 _c99696
_d99696